Defeating terrorism : (Record no. 3911)

MARC details
000 -LEADER
fixed length control field 01546cam a22001694a 4500
020 ## - INTERNATIONAL STANDARD BOOK NUMBER
ISBN 007287306X
020 ## - INTERNATIONAL STANDARD BOOK NUMBER
ISBN 0072873027
050 ## - CALL NUMBER
Classification number HV6432
Item number .D435
100 ## - AUTHOR
Personal name Russell D Howard; Reid L Sawyer
245 ## - TITLE
Title Defeating terrorism :
Remainder of title |b shaping the new security environment /
Statement of responsibility, etc [edited by] Russell D. Howard, Reid L. Sawyer ; foreword by Wayne A. Downing.
260 ## - PUBLICATION INFORMATION
Place of publication Guilford, Conn. :
Name of publisher McGraw-Hill Companies,
Year of publication 2004.
300 ## - DESCRIPTION
Number of Pages xv, 157 p. :
Other physical details ill. ;
Dimensions 24 cm.
505 ## - FORMATTED CONTENTS NOTE
Table of Content Defeating Al Qaeda --<br/>the pioneering vanguard of the Islamic movements / Rohan Gunaratna --<br/>Behind the curve : globalization and international terrorism / Audrey Kurth Cronin --<br/>The financial front in the global war on terrorism / Patrick D. Buckley and Michael J. Meese --<br/>Fighting fire with fire : privatizing counterterrorism / Robert Mandel --<br/>Defeating networked terrorism / James S. Robbins --<br/>Security strategy in the gray zone : alternatives for preventing WMD handoff to non-state actors / Michael R. Eastman and Robert B. Brown --<br/>The logic of suicide terrorism / Bruce Hoffman --<br/>How business can defeat terrorism : global financial firms battle the SARS outbreak in Hong Kong / Kelly J. Hicks --<br/>Preemptive military doctrine : no other choice against transnational non-state actors / Russell D. Howard --<br/>Countering Al Qaeda / Brian Michael Jenkins --<br/>The global war on terrorism : focusing the nationals strategy / Wayne A. Downing.
650 ## - SUBJECTS
Topical Term Terrorism
General subdivision Prevention
650 ## - SUBJECTS
Topical Term Terrorism
General subdivision Government policy
942 ## - ADDED ENTRY ELEMENTS (KOHA)
Koha item type Books
Holdings
Withdrawn status Lost status Home library Current library Shelving location Date acquired Full call number Accession Number Koha item type
    Methodist University Library Tema Methodist University Library Tema General Stacks 07/05/2010 HV6432 .D435 31314 Books
    Methodist University Library Tema Methodist University Library Tema General Stacks 07/05/2010 HV6432 .D435 31313 Books
Copyright © 2026  MUG Library